2022-2023 Playoff Teams - Statistics

General Stats
  • This quiz has been taken 21 times
    12 since last reset
  • The average score is 12 of 14
Answer Stats
Seed #+Confrence Answer % Correct
1 AFC Chiefs
100%
7 AFC Dolphins
100%
3 NFC Vikings
100%
2 NFC 49ers
91%
3 AFC Bengals
91%
2 AFC Bills
91%
5 AFC Chargers
91%
5 NFC Cowboys
91%
6 AFC Ravens
91%
7 NFC Seahawks
91%
1 NFC Eagles
82%
6 NFC Giants
82%
4 NFC Bucs
73%
4 AFC Jaguars
73%
No matching quizzes found
Score Distribution
Percent of People with Each Score
Percentile by Number Answered
Your Score History
You have not taken this quiz since the last reset